Largest US Cities by Land Area - Statistics

General Stats
  • This quiz has been taken 149 times
  • The average score is 16 of 20
Answer Stats
State Size (Sq. Mi.) City % Correct
AZ 516.7 Phoenix
97%
TX 599.6 Houston
96%
TN 475.1 Nashville
95%
CA 468.7 Los Angeles
94%
OK 607.0 Oklahoma City
93%
IN 361.4 Indianapolis
91%
FL 747.0 Jacksonville
88%
TX 460.9 San Antonio
88%
NY 302.6 New York City
86%
AK 1704.7 Anchorage
85%
TX 340.5 Dallas
83%
CA 325.2 San Diego
81%
TN 315.1 Memphis
78%
TX 297.9 Austin
74%
KY 325.2 Louisville
71%
NC 297.7 Charlotte
70%
TX 339.8 Fort Worth
64%
MO 313.5 Kansas City
61%
KY 283.6 Lexington
49%
VA 340.8 Chesapeake
29%
No matching quizzes found
Score Distribution
Percent of People with Each Score
Percentile by Number Answered
Your Score History
You have not taken this quiz